| 000 | 00755cam a22002533a 4500 | ||
|---|---|---|---|
| 001 | 25833 | ||
| 003 | PGUSA | ||
| 005 | 20140828083545.0 | ||
| 008 | 080619s2008||||xxu|||||s|||||000 | eng d | ||
| 040 |
_aPGUSA _beng |
||
| 042 | _adc | ||
| 050 | 4 | _aBX | |
| 100 | 1 |
_aWhite, Ellen Gould Harmon, _d1827-1915 |
|
| 245 | 1 | 4 |
_aThe Great Controversy Between Christ and Satan _h[electronic resource] / _cEllen Gould Harmon White |
| 260 |
_bProject Gutenberg, _c2008 |
||
| 506 | _aPublic domain in the USA. | ||
| 516 | _aElectronic text | ||
| 653 | _aSeventh-Day Adventists -- Doctrines | ||
| 653 | _aSpiritual direction | ||
| 653 | _aGood and evil | ||
| 830 | 0 |
_aProject Gutenberg _v25833 |
|
| 856 | 4 | 0 | _uhttp://www.gutenberg.org/ebooks/25833 |
| 942 | _cEB | ||
| 999 |
_c255088 _d255088 |
||